000 01532nam a22004097a 4500
003 CHAP
005 20220329140944.0
008 971013s1995 r 00010 d
010 _a60388
011 _a61360
035 _a65524
040 _cCHAP
082 _a630.83 A84 1991
_bPue.
245 _aAtlas agropecuario
_b: Puebla
260 _aAguascalientes, Ags. :
_bINEGI,
_c1995
300 _a81 p.
_b; gráfs. ; mapas
590 _aBATCH-UPD
_b10
_c20130110
_lUCH01
_h0047
590 _aBATCH-UPD
_b10
_c20130110
_lUCH01
_h1416
590 _aBATCH-UPD
_b10
_c20130409
_lUCH01
_h2034
590 _aBATCH-UPD
_b10
_c20130410
_lUCH01
_h0900
590 _aBATCH-UPD
_b10
_c20130914
_lUCH01
_h1102
590 _aCONVERSION
_b10
_c20130109
_lUCH01
_h1332
650 1 4 _aAgricultura
_xEstadisticas
_zPuebla.
_91463
650 1 4 _aCrédito agrícola
_xPuebla.
_929074
650 1 4 _aCultivos
_xPuebla.
_930314
650 1 4 _aEjidos
_xPuebla.
_936025
650 1 4 _aGanadería
_xEstadísticas
_zPuebla.
_944721
650 1 4 _aMaquinaria agrícola
_xPuebla.
_971195
650 1 4 _aProductos forestales
_xEstadísticas.
_992079
650 1 4 _aTierras
_xUtilización
_xPuebla.
_9113251
710 2 _aInstituto Nacional de Estadística, Geografía e Informática. México.
_959304
790 _aCenso agropecuario (7o.) 1991
901 _aBK
942 _cLIBRO
949 _a630.83 A84 1991 Pue.
_bBC
_cESP
_d33724000279402
_eESP
_fc.2
_h91148
_i65524
_si
_t45.00
949 _a630.83 A84 1991 Pue.
_bBC
_cINEGI
_d33724000609194
_eINEGI
_gI. c/e
_h90647
_i65524
_sb
_t45.00
999 _c60388
_d60388